[Event "Olympiad-42"]
[Site "Baku"]
[Date "2016.09.09"]
[Round "7.2"]
[White "Mfune, Petros"]
[Black "Ramos Espinoza, Efren Andres"]
[Result "1-0"]
[WhiteElo "1993"]
[BlackElo "2199"]
[PlyCount "149"]
[EventDate "2016.09.02"]
[EventType "team-swiss"]
[EventRounds "11"]
[EventCountry "AZE"]
[SourceTitle "CBM 175"]
[Source "ChessBase"]
[SourceDate "2016.11.10"]
[SourceVersion "1"]
[SourceVersionDate "2016.11.10"]
[SourceQuality "1"]
[WhiteTeam "Malawi"]
[BlackTeam "Panama"]
[WhiteTeamCountry "MWI"]
[BlackTeamCountry "PAN"]

1. e4 e5 2. Nf3 Nc6 3. Bb5 a6 4. Bxc6 dxc6 5. 0-0 Bg4 6. d3 Qf6 7. Be3 Bd6 8. Nbd2 Ne7 9. c4 Ng6 10. h3 Bxf3 11. Nxf3 0-0 12. c5 Be7 13. Qb3 h6 14. Rfe1 Rab8 15. d4 exd4 16. Bxd4 Qe6 17. Qxe6 fxe6 18. Be3 e5 19. Rad1 Rfd8 20. Kf1 Kf7 21. Ke2 Ke6 22. Rxd8 Rxd8 23. g3 Nf8 24. Nd2 Nd7 25. Rc1 Bf6 26. b3 g5 27. Nc4 Be7 28. Na5 Rb8 29. b4 Nf6 30. Rc4 Nd7 31. f4 exf4 32. gxf4 gxf4 33. Bxf4 Ne5 34. Rc3 Bg5 35. Bg3 Rd8 36. Bxe5 Kxe5 37. Nxb7 Rd2+ 38. Kf3 Rxa2 39. Na5 Rh2 40. Nxc6+ Kf6 41. Kg3 Ra2 42. Rf3+ Ke6 43. Rf5 Ra3+ 44. Kg4 Bd2 45. Nd4+ Ke7 46. Rd5 Bc3 47. Nc6+ Ke6 48. Nd8+ Ke7 49. Kf5 Bb2 50. Nc6+ Kf8 51. Rd8+ Kf7 52. Rd7+ Kf8 53. e5 Rxh3 54. e6 Rf3+ 55. Ke4 Rf1 56. e7+ Kf7 57. Rd8 Re1+ 58. Kd3 Bg7 59. Rc8 h5 60. Rxc7 Bf6 61. Ra7 h4 62. Rxa6 h3 63. Ra2 Bxe7 64. Nxe7 Kxe7 65. Rh2 Ra1 66. Kc4 Ra3 67. Rd2 Rg3 68. c6 Rg2 69. Rd7+ Ke6 70. Rh7 h2 71. Kc5 Rc2+ 72. Kb6 Kd6 73. Rh6+ Kd5 74. b5 Rb2 75. c7 1-0